Statistiche per Primi 15 paesi interessati da Covid-19 - 6 settembre

Clicka qui per fare il quiz!

Statistiche generali

  • Questo quiz è stato fatto 3 volte
  • Il punteggio medio è 13 su 23

Statistiche sulle risposte

paese% Corretto
Brasile
100%
Francia
100%
Iran
100%
Regno Unito
100%
Russia
100%
Spagna
100%
Stati Uniti
100%
Argentina
67%
Cile
67%
Cile
67%
India
67%
Messico
67%
Perù
67%
Bahrain
33%
Colombia
33%
Israele
33%
Qatar
33%
Sudafrica
33%
Armenia
0%
Bangladesh
0%
Kuwait
0%
Oman
0%
Panama
0%

Distribuzione punteggi

Percentile per numero di risposta

Percentuale di utenti per punteggio

I tuoi punteggi nel tempo

Non hai fatto questo quiz